|
|
|
|
| LEADER |
01411nam a2200373 a 4500 |
| 001 |
EBC605743 |
| 003 |
MiAaPQ |
| 005 |
20200520144314.0 |
| 006 |
m o d | |
| 007 |
cr cn||||||||| |
| 008 |
111212s2009 sz ad sb 000 0 eng d |
| 020 |
|
|
|z 9789221212515
|
| 020 |
|
|
|a 9789221212522 (electronic bk.)
|
| 035 |
|
|
|a (MiAaPQ)EBC605743
|
| 035 |
|
|
|a (Au-PeEL)EBL605743
|
| 035 |
|
|
|a (CaPaEBR)ebr10512137
|
| 035 |
|
|
|a (OCoLC)700697570
|
| 040 |
|
|
|a MiAaPQ
|c MiAaPQ
|d MiAaPQ
|
| 043 |
|
|
|a f-za---
|
| 050 |
|
4 |
|a HV451.5
|b .Z36 2009
|
| 245 |
0 |
0 |
|a Zambia
|h [electronic resource] :
|b social protection expenditure and performance review and social budget.
|
| 260 |
|
|
|a Geneva :
|b Social Security Dept., International Labour Office,
|c 2009.
|
| 300 |
|
|
|a 267 p. :
|b col. ill.
|
| 500 |
|
|
|a "ILO/DFID/Zambia/R.22."
|
| 500 |
|
|
|a "September 2008."
|
| 504 |
|
|
|a Includes bibliographical references.
|
| 533 |
|
|
|a Electronic reproduction. Ann Arbor, MI : ProQuest, 2015. Available via World Wide Web. Access may be limited to ProQuest affiliated libraries.
|
| 650 |
|
0 |
|a Public welfare
|z Zambia.
|
| 651 |
|
0 |
|a Zambia
|x Social policy.
|
| 651 |
|
0 |
|a Zambia
|x Social conditions.
|
| 655 |
|
4 |
|a Electronic books.
|
| 710 |
2 |
|
|a International Labour Office.
|b Social Security Dept.
|
| 710 |
2 |
|
|a ProQuest (Firm)
|
| 856 |
4 |
0 |
|u https://ebookcentral.proquest.com/lib/matrademy/detail.action?docID=605743
|z Click to View
|